Особенности бухгалтерского учета в интернет-магазинах; Экономика России в XXI веке; Т. 1

Detaylı Bibliyografya
Parent link:Экономика России в XXI веке: сборник научных трудов XII Международной научно-практической конференции "Экономические науки и прикладные исследования", г. Томск, 17-21 ноября 2015 г./ Национальный исследовательский Томский политехнический университет (ТПУ) ; ред. кол. Г. А. Барышева [и др.].— , 2015
Т. 1.— 2015.— [С. 559-563]
Yazar: Марьенкина О. В.
Müşterek Yazar: Национальный исследовательский Томский политехнический университет (ТПУ) Институт социально-гуманитарных технологий (ИСГТ) Кафедра экономики (ЭКОН)
Diğer Yazarlar: Арцер Т. В. Татьяна Владимировна (научный руководитель)
Özet:Заглавие с титульного экрана
В наше время очень актуальны покупки через интернет - магазины. Можно даже сказать, что большинство людей пользуются этими услугами, так как это быстро и удобно. Цены там ниже, чем в обычных магазинах и товары бывают интересней и качественней. Именно по этому, покупатели по достоинству оценили такой способ совершения покупок. Теперь все чаще у представителей малого и среднего бизнеса есть онлайновые версии магазинов.
Dil:Rusça
Baskı/Yayın Bilgisi: 2015
Seri Bilgileri:Современные тенденции развития бухгалтерского, управленческого и финансового учета в России
Konular:
Online Erişim:http://earchive.tpu.ru/handle/11683/15537
http://www.lib.tpu.ru/fulltext/c/2015/C40/V1/107.pdf
Materyal Türü: MixedMaterials Elektronik Kitap Bölümü
KOHA link:https://koha.lib.tpu.ru/cgi-bin/koha/opac-detail.pl?biblionumber=616823

MARC

LEADER 00000naa2a2200000 4500
001 616823
005 20231101132928.0
035 |a (RuTPU)RU\TPU\conf\15079 
035 |a RU\TPU\conf\15078 
090 |a 616823 
100 |a 20160122d2015 k y0rusy50 ca 
101 0 |a rus 
102 |a RU 
105 |a y z 101zy 
135 |a drgn ---uucaa 
181 0 |a i  
182 0 |a b 
200 1 |a Особенности бухгалтерского учета в интернет-магазинах  |f О. В. Марьенкина  |g науч. рук. Т. В. Арцер 
203 |a Текст  |c электронный 
225 1 |a Современные тенденции развития бухгалтерского, управленческого и финансового учета в России 
230 |a 1 компьютерный файл (pdf; 377 Kb) 
300 |a Заглавие с титульного экрана 
320 |a [Библиогр.: с. 563 (6 назв.)] 
330 |a В наше время очень актуальны покупки через интернет - магазины. Можно даже сказать, что большинство людей пользуются этими услугами, так как это быстро и удобно. Цены там ниже, чем в обычных магазинах и товары бывают интересней и качественней. Именно по этому, покупатели по достоинству оценили такой способ совершения покупок. Теперь все чаще у представителей малого и среднего бизнеса есть онлайновые версии магазинов. 
337 |a Adobe Reader 
461 1 |0 (RuTPU)RU\TPU\conf\14421  |t Экономика России в XXI веке  |o сборник научных трудов XII Международной научно-практической конференции "Экономические науки и прикладные исследования", г. Томск, 17-21 ноября 2015 г.  |o в 2 т.  |f Национальный исследовательский Томский политехнический университет (ТПУ) ; ред. кол. Г. А. Барышева [и др.]  |d 2015 
463 0 |0 (RuTPU)RU\TPU\conf\14422  |t Т. 1  |v [С. 559-563]  |d 2015 
610 1 |a труды учёных ТПУ 
610 1 |a электронный ресурс 
610 1 |a бухгалтерский учет 
610 1 |a интернет-магазины 
700 1 |a Марьенкина  |b О. В. 
702 1 |a Арцер  |b Т. В.  |c экономист  |c доцент Томского политехнического университета, кандидат экономических наук  |f 1979-  |g Татьяна Владимировна  |2 stltpush  |4 727 
712 0 2 |a Национальный исследовательский Томский политехнический университет (ТПУ)  |b Институт социально-гуманитарных технологий (ИСГТ)  |b Кафедра экономики (ЭКОН)  |h 149  |2 stltpush  |3 (RuTPU)RU\TPU\col\18375 
801 2 |a RU  |b 63413507  |c 20210209  |g RCR 
856 4 |u http://earchive.tpu.ru/handle/11683/15537 
856 4 |u http://www.lib.tpu.ru/fulltext/c/2015/C40/V1/107.pdf 
942 |c BK